书目信息 |
| 题名: |
词中城市
|
|
| 作者: | 吴琳 著 | |
| 分册: | ||
| 出版信息: | 北京 中国书籍出版社 2017 |
|
| 页数: | 202页 | |
| 开本: | 24cm | |
| 丛书名: | ||
| 单 册: | ||
| 中图分类: | K928.5 | |
| 科图分类: | ||
| 主题词: | 城市史--研究--中国--宋代 | |
| 电子资源: | ||
| ISBN: | 978-7-5068-5532-7 | |
| 000 | 00893nam0 2200241 450 | |
| 001 | 3538 | |
| 005 | 20180527164413.26 | |
| 010 | @a978-7-5068-5532-7@b精装@dCNY68.00 | |
| 100 | @a20170427d2017 em y0chiy50 ea | |
| 101 | 0 | @achi |
| 102 | @aCN@b110000 | |
| 105 | @ay z 000yy | |
| 200 | 1 | @a词中城市@9ci zhong cheng shi@e回望宋朝城市“黄金时代”@f吴琳著 |
| 210 | @a北京@c中国书籍出版社@d2017 | |
| 215 | @a202页@d24cm | |
| 300 | @a中国书籍·学术之星文库 | |
| 314 | @a吴琳,女,武汉大学法学硕士,武汉市社会科学院副研究员等。研究专长宜居城市管理等。著有《宜居城市管理》等。 | |
| 330 | @a本书以宋朝为研究对象,主要内容包括“宋代的城市味道”“词中元宵”“词中清明”“词中端午”“那些与今天相似的中国味”“词中休闲”等十章内容。 | |
| 606 | 0 | @a城市史@x研究@y中国@z宋代 |
| 690 | @aK928.5@v5 | |
| 701 | 0 | @a吴琳@9wu lin@4著 |
| 801 | 0 | @aCN@b91MARC@c20170427 |
| 905 | @aMuseLib@dK928.5@e1060 | |
| 词中城市:回望宋朝城市“黄金时代”/吴琳著.-北京:中国书籍出版社,2017 |
| 202页;24cm |
| 中国书籍·学术之星文库 |
| ISBN 978-7-5068-5532-7(精装):CNY68.00 |
| 本书以宋朝为研究对象,主要内容包括“宋代的城市味道”“词中元宵”“词中清明”“词中端午”“那些与今天相似的中国味”“词中休闲”等十章内容。 |
| ● |
| 相关链接 |
|
|
|
|
正题名:词中城市
索取号:K928.5/1060
 
预约/预借
| 序号 | 登录号 | 条形码 | 馆藏地/架位号 | 状态 | 备注 |
| 1 | 1109600 | 211096008 | 第二样本阅览室/ [索取号:K928.5/1060] | 在馆 | |
| 2 | 1109601 | 211096017 | 教育系资料室/ [索取号:K928.5/1060] | 在馆 | |
| 3 | 1109602 | 211096026 | 教育系资料室/ [索取号:K928.5/1060] | 在馆 | |
| 4 | 1109603 | 211096035 | 第二借阅区/ [索取号:K928.5/1060] | 在馆 |